Statistiques concernant Pays frontaliers les plus pauvres

Cliquez ici pour prendre le quiz!

Statistiques générales

  • Ce quiz a été pris 59 fois
  • Le résultat moyen est 15 sur 20

Statistiques - réponses

Pays % Correct
Rép. dém. du Congo
91%
Somalie
89%
Niger
86%
Tchad
84%
Rwanda
82%
Burundi
82%
Éthiopie
80%
Soudan du Sud
80%
Burkina Faso
77%
Mali
77%
Guinée
75%
République Centrafricaine
75%
Ouganda
71%
Togo
70%
Zimbabwe
70%
Malawi
70%
Bénin
70%
Liberia
66%
Mozambique
66%
Sierra Leone
66%

Distribution des résultats

Percentile by Number Answered

% des personnes avec chaque résultat

Votre développement - résultats

Vous n’avez pas pris ce quiz